2014 NHL Entry Draft 1st Round Selections - Statistics

General Stats
  • This quiz has been taken 377 times
  • The average score is 13 of 30
Answer Stats
Pick Player Junior Team NHL Team % Correct
1 Aaron Ekblad Barrie Colts Florida Panthers
99%
2 Sam Reinhart Kootenay Ice Buffalo Sabres
91%
3 Leon Draisaitl Prince Albert Raiders Edmonton Oilers
86%
4 Sam Bennett Kingston Frontenacs Calgary Flames
75%
8 William Nylander MODO Toronto Maple Leafs
73%
6 Jake Virtanen Calgary Hitmen Vancouver Canucks
62%
5 Michael Dal Colle Oshawa Generals New York Islanders
62%
9 Nikolaj Ehlers Halifax Mooseheads Winnipeg Jets
61%
15 Dylan Larkin USNTDP Detroit Red Wings
54%
25 David Pastrnak Sodertalje SK Boston Bruins
51%
7 Haydn Fleury Red Deer Rebels Carolina Hurricanes
51%
10 Nick Ritchie Peterborough Petes Anaheim Ducks
46%
29 Adrian Kempe MODO LA Kings
38%
13 Jakub Vrana Linkopings HC Washington Capitals
38%
28 Josh Ho-Sang Windsor Spitfires New York Islanders
35%
11 Kevin Fiala HV71 Nashville Predators
34%
22 Kasperi Kapanen KalPa Toronto Maple Leafs
33%
14 Julius Honka Swift Current Broncos Dallas Stars
31%
12 Brendan Perlini Niagara IceDogs Arizona Coyotes
30%
24 Jared McCann Sault Ste. Marie Greyhounds Vancouver Canucks
30%
26 Nikita Scherbak Saskatoon Blades Montreal Canadiens
30%
19 Anthony DeAngelo Sarnia Sting Tampa Bay Lightning
28%
16 Sonny Milano USNTDP Columbus Blue Jackets
28%
30 John Quenneville Brandon Wheat Kings New Jersey Devils
27%
17 Travis Sanheim Calgary Hitmen Philadelphia Flyers
27%
18 Alex Tuch USNTDP Minnesota Wild
25%
20 Nick Schmaltz Green Bay Gamblers Chicago Blackhawks
25%
21 Robby Fabbri Guelph Storm St Louis Blues
25%
23 Conner Bleackley Red Deer Rebels Colorado Avalanche
21%
27 Nikolay Goldobin Sarnia Sting San Jose Sharks
21%
No matching quizzes found
Score Distribution
Percent of People with Each Score
Percentile by Number Answered
Your Score History
You have not taken this quiz